000 00574cam a22002291 4500
001 sa 68006553
003 DLC
005 20260227112517.0
008 890510s1967 xx 000 0 urdo
010 _asa 68006553
035 _a(OCoLC)23575668
040 _aDLC
_cMiU
_dDLC
042 _apremarc
050 0 0 _aBJ1291
_b.Z3 1967
100 1 _aZ̲akāʼullāh, Muḥammad,
_d1832-1910.
245 1 0 _aMakārim al-akhlāq.
260 _c[1967]
300 _a12, 544 p.
_c22 cm.
500 _aRomanized.
650 0 _aIslamic ethics
700 0 _aAḥmad Raz̤ā,
_eed.
999 _c81374
_d81374